Fables de La Fontaine - Mort subite - Statistiques

Statistiques générales
  • Ce quiz a été pris 1 961 fois
    1 368 depuis la dernière actualisation
  • Le résultat moyen est 5 sur 20
Answers on the Grid
Answers color-coded by a green-red scale on the quiz's grid according to % correct below.
Le Corbeau et le Renard
Le Loup et le Chien
Le Rat de Ville et le Rat des Champs
Le Loup et l'Agneau
La Mort et le Bûcheron
Le Chêne et le Roseau
Le Lion et le Rat
Le Coq et le Renard
L'Aigle, la Laie et la Chatte
L'Ivrogne et sa Femme
La Grenouille et le Rat
Le Pot de terre et le Pot de fer
La Poule aux œufs d’or
La Laitière et le Pot au lait
Le Rat et l'Huître
Le Gland et la Citrouille
Le Coche et la Mouche
Le Dragon à plusieurs têtes et le Dragon à plusieurs queues
Le Fermier, le Chien et le Renard
Le Paysan et ses Vaches
L'Eléphant et le Rat
Les Deux Boucs
La Belle au Bois Dormant
La Morue et la Truie
Le Lapin et la Tortue
Le Lièvre et la Tortue
Le Lion est mort ce soir
Le Loup, la Biche et le Chevalier
La Jeune Fille et la Mort
La Grenouille qui se veut faire aussi grosse que le Taureau
 
Statistiques - réponses
Réponse % Correct
Le Corbeau et le Renard
68%
Le Lièvre et la Tortue
65%
Le Loup et l'Agneau
53%
Le Lion et le Rat
52%
Le Rat de Ville et le Rat des Champs
39%
Le Chêne et le Roseau
35%
Le Loup et le Chien
27%
La Laitière et le Pot au lait
23%
La Poule aux œufs d’or
19%
Le Pot de terre et le Pot de fer
19%
Le Coq et le Renard
16%
La Grenouille et le Rat
14%
Le Coche et la Mouche
14%
La Mort et le Bûcheron
10%
Le Rat et l'Huître
10%
Le Fermier, le Chien et le Renard
8%
L'Ivrogne et sa Femme
7%
L'Aigle, la Laie et la Chatte
5%
Le Dragon à plusieurs têtes et le Dragon à plusieurs queues
3%
Le Gland et la Citrouille
3%
Aucun quiz correspondant
Distribution des résultats
% des personnes avec chaque résultat
Percentile par nombre de réponses
Votre historique - résultats
Vous n’avez pas pris ce quiz depuis la dernière actualisation